Lisabonská zmluva
Analýza konkrétnych zmien, ktoré prináša Lisabonská zmluva. Zmeny sa týkajú Zmluvy o založení Európskeho spoločenstva.
Salvato in:
| Autore principale: | |
|---|---|
| Natura: | Capitolo di libro |
| Lingua: | slovacco |
| Soggetti: | |
| Tags: |
Nessun Tag, puoi essere il primo ad aggiungerne!!
|
MARC
| LEADER | 00000naa$a2200000$$$4500 | ||
|---|---|---|---|
| 001 | 0077883 | ||
| 005 | 20231011093930.5 | ||
| 041 | 0 | |a slo | |
| 044 | |a SK | ||
| 245 | 1 | 0 | |a Lisabonská zmluva |c Daniela Nováčková |
| 520 | |a Analýza konkrétnych zmien, ktoré prináša Lisabonská zmluva. Zmeny sa týkajú Zmluvy o založení Európskeho spoločenstva. | ||
| 610 | 2 | 0 | |a právo medzinárodné |
| 610 | 2 | 0 | |a dohody medzinárodné |
| 610 | 2 | 0 | |a zmluvy medzinárodné |
| 610 | 2 | 0 | |a Európska únia |
| 610 | 2 | 0 | |a právomoc |
| 610 | 2 | 0 | |a politika medzinárodná |
| 100 | 1 | |a Nováčková, Daniela | |